00259nam a2200109Ia 4500008004100000100002900041245002300070260002000093650001400113942000700127999001500134190216s9999||||xx |||||||||||||| ||und|| aUniversity Of Travancore 0aTerms In Chemistry bDept Of Physics aChemistry cBK c1991d1991